Cơ sở lý thuyết hóa hữu cơ

Uloženo v:
Podrobná bibliografie
Hlavní autor: Trần Quốc Sơn
Médium: Kniha
Jazyk:Undetermined
Vydáno: Hà Nội Giáo dục 1974
Témata:
Tagy: Přidat tag
Žádné tagy, Buďte první, kdo otaguje tento záznam!
Thư viện lưu trữ: Trung tâm Học liệu Trường Đại học Cần Thơ
LEADER 00486nam a2200169Ia 4500
001 CTU_3184
008 210402s9999 xx 000 0 und d
082 |a 547.1 
082 |b S464/T1 
100 |a Trần Quốc Sơn 
245 0 |a Cơ sở lý thuyết hóa hữu cơ 
245 0 |c Trần Quốc Sơn 
260 |a Hà Nội 
260 |b Giáo dục 
260 |c 1974 
650 |a chemistry, organic 
980 |a Trung tâm Học liệu Trường Đại học Cần Thơ